000 00560nam a22001577a 4500
999 _c15538
_d15538
003 OSt
008 181103b ||||| |||| 00| 0 eng d
082 _a627.52
_bNET/SW
100 _aNETHI NAGA HARI SAIRAM
_93857
245 _aSWAT MODEL EVALUATION USING GENERATED DATA AND ASSESSING THE IMPACT OF LAND USE CHANGES
260 _aTAVANUR
_bDEPARTMENT OF IRRIGATION AND DRAINAGE ENGINEERING
_c2018
300 _a111
_eCD
700 _aDr. ANU VARUGHESE (Guide)
_93858
856 _uhttps://drive.google.com/open?id=1yp-PG2AKOFKqCdibDdGucteyr0_pqNd1
942 _cBK